| 000 | 01587cam a22002054a 4500 | ||
|---|---|---|---|
| 005 | 20250605164136.0 | ||
| 008 | 250528s ||||||||||||||||||||||||d | ||
| 035 | _a18779 | ||
| 020 | _a333235711 | ||
| 040 |
_aGR-AtMCL _bgre _dGR-AtMCL _eAACR2 |
||
| 245 | 1 | _aThe Theory of Economic Growth / An Introduction | |
| 260 | _c1979 | ||
| 300 | _a352 | ||
| 520 | _aThis textbook provides an introductory but comprehensive account of the modern theory of economic growth for intermediate-level and graduate students. Preface and Acknowledgements, Introduction, The Emergence of Modern Growth Theory - The Harrod-Domar Models, The Development of Modern Growth History - A Preview, Neo-Classical Growth Theory, Fixed Versus Variable Coefficients - The Neo-Classical Approach, The One-Good Model without Technical Progress - The Simplest Case, The Two-Sector Model without Technical Progress, Technical Progress and Productivity Growth and Steady States, Technical Progress - Theories of Bias and Neutrality, Technical Progress at an Endogenous Rate, Neo-Keynesian Growth History, Neo-Keynesian Criticisms of Neo-Classical Theory, Income Distribution and Effective Demand, Full Employment and Saving and the Flexibility of Profit Margins, Investment and Growth - Kaldor's Growth Model, Steady Growth and Economic History, Stylized Facts and Steady Growth and Structural Change, Stylized Facts and Historical Statistics, Notes and References, Bibliography, Index. | ||
| 700 | 1 |
_aHacche Graham _95023 |
|
| 942 | _cBK | ||
| 710 | 2 |
_aMacmillan Company _99720 |
|
| 999 |
_c4092 _d4092 |
||